FIFPRO World XI: 2015 - 2024 - Statistics

General Stats
  • This quiz has been taken 671 times
  • The average score is 45 of 51
Answer Stats
Player % Correct
Alisson
99%
Lionel Messi
99%
Thibaut Courtois
99%
Cristiano Ronaldo
98%
Erling Haaland
98%
Kevin De Bruyne
98%
Kylian Mbappe
98%
Luka Modric
98%
R. Lewandowski
98%
Virgil Van Dijk
98%
Ederson
97%
G. Donnarumma
96%
Neymar
96%
Gianluigi Buffon
95%
Manuel Neuer
95%
Toni Kroos
95%
Vinicius Jr
95%
Sergio Ramos
94%
Achraf Hakimi
93%
Luis Suarez
93%
Alphonso Davies
92%
Bernardo Silva
92%
David Alaba
92%
Jude Bellingham
92%
Marcelo
92%
Ruben Dias
92%
Andres Iniesta
91%
Thiago Silva
91%
Antonio Rudiger
86%
Dani Alves
86%
Eden Hazard
86%
Gerard Pique
86%
John Stones
86%
Karim Benzema
86%
Kyle Walker
85%
N'Golo Kante
85%
Leonardo Bonucci
84%
Leonardo Bonucci
84%
Rodri
84%
David De Gea
83%
Paul Pogba
81%
Joao Cancelo
79%
Raphael Varane
79%
Casemiro
78%
Dani Carvajal
78%
Frenkie de Jong
78%
Matthijs de Ligt
77%
Jorginho
76%
Joshua Kimmich
72%
T. Alexander-Arnold
72%
Thiago Alcantara
64%
No matching quizzes found
Score Distribution
Percent of People with Each Score
Percentile by Number Answered
Your Score History
You have not taken this quiz